000 00517nam a22001577a 4500
082 _a620.11
_bARS
100 _aArshed, Mahnoor (400266)
_9132284
245 _aImpact of Venturi Scrubber Baffle Plate on Iodine Mass transfer Coupled with in Pool Scrubbing Conditions /
264 _aIslamabad :
_bUSPCAS-E, NUST
_cAugust, 2025.
300 _axv, 67 p.
_e+CD
520 _aTH-676
650 _aMS TEE Thesis
_9116575
650 _aMS Thesis
_918721
700 _aSupervisor: Dr. Majid Ali
_9116940
942 _2ddc
_cTHE
999 _c615519
_d615519